The Russo-Japnese War Between San-De-Pu and Mukden (Record no. 553101)
[ view plain ]
| 000 -LEADER | |
|---|---|
| fixed length control field | 00305nam a22001097a 4500 |
| 082 ## - DEWEY DECIMAL CLASSIFICATION NUMBER | |
| Classification number | 952.031 |
| Author Mark | Don |
| 245 ## - TITLE STATEMENT | |
| Title | The Russo-Japnese War Between San-De-Pu and Mukden |
| 260 ## - PUBLICATION, DISTRIBUTION, ETC. | |
| Place of publication, distribution, etc. | London |
| Name of publisher, distributor, etc. | Hugh Rees, Ltd |
| Date of publication, distribution, etc. | c1913 |
| 300 ## - PHYSICAL DESCRIPTION | |
| Extent | P 202 |
| Other physical details | ill |
| Dimensions | 18cm |
| 526 ## - STUDY PROGRAM INFORMATION NOTE | |
| Program name | 0 |
| Interest level | 0 |
| Reading level | 0 |
| Title point value | 952_031000000000000_DON |
| 942 ## - ADDED ENTRY ELEMENTS (KOHA) | |
| Source of classification or shelving scheme | |
| Koha item type | Book |
| Withdrawn status | Lost status | Source of classification or shelving scheme | Damaged status | Not for loan | Permanent Location | Current Location | Shelving location | Date acquired | Total Checkouts | Full call number | Barcode | Date last seen | Price effective from | Koha item type |
|---|---|---|---|---|---|---|---|---|---|---|---|---|---|---|
| Military College of Engineering (MCE) | Military College of Engineering (MCE) | 01/29/2015 | 952.031 Don | MCE-ECG.53 | 01/29/2015 | 01/29/2015 | Book |
